<?xml version="1.0" encoding="UTF-8"?>
<record
    xmlns:xsi="http://www.w3.org/2001/XMLSchema-instance"
    xsi:schemaLocation="http://www.loc.gov/MARC21/slim http://www.loc.gov/standards/marcxml/schema/MARC21slim.xsd"
    xmlns="http://www.loc.gov/MARC21/slim">

  <leader>01889nam a2200313Ia 4500</leader>
  <controlfield tag="001">A6555</controlfield>
  <controlfield tag="003">IT-RoPAU</controlfield>
  <controlfield tag="008">130308s9999    xx            000 0 und d</controlfield>
  <datafield tag="040" ind1=" " ind2=" ">
    <subfield code="a">IT-RoPAU</subfield>
  </datafield>
  <datafield tag="040" ind1=" " ind2=" ">
    <subfield code="c">IT-RoPAU</subfield>
  </datafield>
  <datafield tag="041" ind1=" " ind2=" ">
    <subfield code="a">ITALIANO</subfield>
  </datafield>
  <datafield tag="100" ind1=" " ind2=" ">
    <subfield code="a">Drege Jean-Pierre</subfield>
  </datafield>
  <datafield tag="100" ind1=" " ind2=" ">
    <subfield code="g">Codice Aut. SPICS: 29009</subfield>
  </datafield>
  <datafield tag="245" ind1=" " ind2=" ">
    <subfield code="a">Cina: il paese di mezzo</subfield>
  </datafield>
  <datafield tag="245" ind1=" " ind2=" ">
    <subfield code="b">Comunicazione nella storia (La)-2-Un itinerario Nello Sviluppo dei Rapporti Sociali</subfield>
  </datafield>
  <datafield tag="250" ind1=" " ind2=" ">
    <subfield code="a">1a ed.</subfield>
  </datafield>
  <datafield tag="260" ind1=" " ind2=" ">
    <subfield code="a">TORINO</subfield>
  </datafield>
  <datafield tag="260" ind1=" " ind2=" ">
    <subfield code="b">Seat - Stet</subfield>
  </datafield>
  <datafield tag="260" ind1=" " ind2=" ">
    <subfield code="c">1990 [1&#xB0; Ed.:1990 - Ed.Ling.Originale:1990]</subfield>
  </datafield>
  <datafield tag="300" ind1=" " ind2=" ">
    <subfield code="a">"143 p. (prefazione: no ; testo: 143 [pagine: 11-153])"</subfield>
  </datafield>
  <datafield tag="500" ind1=" " ind2=" ">
    <subfield code="a">Punto D'Incontro del Mondo. regno di Mezzo. Sistema del Mondo. Pensare, Parlare, Scrivere. Espressione del pensiero . Dalla Magia Alla Storia. Poteri della Scrittura. Comunicazione Scritta. Modalit&#xE0; di Lettura e di Scrittura. supporti della Scrittura e Trasmissione dei Testi. invenzione della Stampa. Scrittura e Storia. vie degli Dei. pellegrinaggi e Ricerca della Legge. Frequentazione delle montagne Sacre. Viaggio Interiore. Sogni e Viaggio dell'Anima. Combustione delle Carte e Messaggi Alle Divinit&#xE0;. Armonia e Comunicazione Artistica. Natura e Pittura. Musica e Comunit&#xE0; Sociale. Individuo, Clan, Famiglia. Potere e Comunicazione. Sulle strade della Cina. scelta di una Capitale. Rete Viaria. Grandi vie di Comunicazione Fluviale. Giunca, Palanchino o Carriola? Posta ufficiale e Poste Private. Posta Imperiale. Trasmissioni Militari. Corrispondenza Privata. Tempo dei Viaggi. Citt&#xE0; Luogodi Scambi. Spedizioni Marittime. Occidente e Cina. via della Seta. Epopea Missionaria. Era della Sinologia.</subfield>
  </datafield>
  <datafield tag="650" ind1=" " ind2=" ">
    <subfield code="a">STORIA DELLA COMUNICAZIONE SOCIALE</subfield>
  </datafield>
  <datafield tag="650" ind1=" " ind2=" ">
    <subfield code="e">Codice materia Spics: 3808</subfield>
  </datafield>
  <datafield tag="700" ind1=" " ind2=" ">
    <subfield code="a">Pasquet Sylvie</subfield>
  </datafield>
  <datafield tag="700" ind1=" " ind2=" ">
    <subfield code="g">Codice Aut. SPICS: 35968</subfield>
  </datafield>
  <datafield tag="942" ind1=" " ind2=" ">
    <subfield code="c">BK</subfield>
  </datafield>
  <datafield tag="957" ind1=" " ind2=" ">
    <subfield code="7">1</subfield>
  </datafield>
  <datafield tag="999" ind1=" " ind2=" ">
    <subfield code="c">81160</subfield>
    <subfield code="d">81160</subfield>
  </datafield>
  <datafield tag="999" ind1=" " ind2=" ">
    <subfield code="g">1</subfield>
  </datafield>
  <datafield tag="952" ind1=" " ind2=" ">
    <subfield code="0">0</subfield>
    <subfield code="1">0</subfield>
    <subfield code="4">0</subfield>
    <subfield code="6">A_000000000000000_6555</subfield>
    <subfield code="7">1</subfield>
    <subfield code="a">SPICS</subfield>
    <subfield code="b">SPICS</subfield>
    <subfield code="d">2013-03-08</subfield>
    <subfield code="l">0</subfield>
    <subfield code="o">A6555</subfield>
    <subfield code="r">2013-03-08 00:00:00</subfield>
    <subfield code="w">2013-03-08</subfield>
    <subfield code="y">BK</subfield>
    <subfield code="z">Progressivo inserimento:  17379 /  N. Volumi: 0 [=Contributo] Copie: 1  / data import: 1 marzo 2013 - By Epidotti, Trombetti, Vaglietti. </subfield>
  </datafield>
</record>
